| 000 | 003700000a22001210004500 | ||
|---|---|---|---|
| 090 |
_aAR _b04634 |
||
| 100 | 1 |
_aMorton, S. R. _998760 |
|
| 700 | 1 |
_aDavidson, D. W. _998761 |
|
| 245 | 1 | 0 | _aComparative structure of harvester ant communities in arid Australia and North America |
| 041 | 0 | _aInglés | |
| 942 | _cARTICULO | ||
| 773 | 1 |
_tEcological monographs _h1 _q19-38 p. _d1988 _g58 |
|
| 999 |
_c13734 _d13734 |
||